00294nam a22001097a 4500008004100000082001500041100003400056245004000090260003100130300000900161440001400170230620b xxu||||| |||| 00| 0 eng d a320.9bCRO cRoger Charlton, Vicky Randall aCommonwealth & Comparative Politics bTaylor & Francis Ltdc2004 a167p vVolume 42